| 000 | 00952cam a2200253 4500 | ||
|---|---|---|---|
| 001 | ABS63242 | ||
| 008 | 000000n2000 000 0 eng u | ||
| 035 | _a(Sirsi) u109528 | ||
| 100 | _aAppleby, M | ||
| 245 | _aRural issues move RICS forward | ||
| 260 | _c2000 | ||
| 490 |
_aRural Property Bulletin _vSeptember/October 2000, 30-32(3) |
||
| 520 | _aOutlines the key issues discussed by rural division members at the RICS rural day, prior to the launch of the new Rural Faculty. Topics of discussion included: opportunities presented by the Countryside and Rights of Way Bill; the importance of keeping up to speed with European issues; rural valuations; review of Ryde's Scale. | ||
| 590 | _aABS | ||
| 650 | _aFACULTIES | ||
| 650 |
_aRural _96268 |
||
| 650 | _aRICS | ||
| 650 |
_aValuation _96273 |
||
| 650 | _aESCS | ||
| 650 | _aRYDE'S SCALE | ||
| 650 | _aCOUNTRYSIDE AND RIGHTS OF WAY BILL | ||
| 690 |
_aRURAL _96268 |
||
| 942 | _n0 | ||
| 999 |
_c65391 _d65391 |
||